Cervantes en el país de Fausto

Kaydedildi:
Detaylı Bibliyografya
Yazar: Bertrand, J. J. A (Yazar)
Materyal Türü: Kitap
Dil:İspanyolca
Baskı/Yayın Bilgisi: Madrid Cultura Hispánica 1950
Seri Bilgileri:Colección Hispanistas
Konular:
Etiketler: Etiketle
Etiket eklenmemiş, İlk siz ekleyin!

MARC

LEADER 00000nam a2200000 a 4500
001 UCT5675
003 CL-VaPUC
008 961216e19500000SP |||||||||||||||||spa|d
082 0 4 |a 830.9  |b BER  |2 21 
100 0 |a Bertrand, J. J. A  |e author  |9 375287 
245 1 0 |a Cervantes en el país de Fausto 
300 |a 230 p 
942 |c BK 
945 |d 19961216 00:00:00  |a rleighto 
260 |a Madrid  |b Cultura Hispánica  |c 1950 
600 0 |a Cervantes y Saavedra, Miguel de  |9 267947 
650 0 |a Literatura alemana   |9 265457 
650 0 |a Romanticismo en la literatura  |9 313777 
650 0 |a Romanticismo alemán  |9 375288 
650 0 |a Historia y crítica   |9 257407 
650 0 |a Literatura española  |9 306261 
583 |a last modification  |c 19961216 00:00:00  |k Rodrigo Vera 
490 0 |a Colección Hispanistas 
999 |c 254560  |d 254558 
952 |0 0  |1 0  |4 0  |6 830_900000000000000_BER_1950  |7 0  |8 A  |9 276298  |a BIBEDU  |b BIBEDU  |d 2019-11-19  |i 3259218  |o 830.9 BER 1950  |p 3259218  |r 2019-11-19  |w 2019-11-19  |y BK  |k LIT